| 000 -LEADER |
| fixed length control field |
01680cam a22003254a 4500 |
| 001 - CONTROL NUMBER |
| control field |
12295692 |
| 005 - DATE AND TIME OF LATEST TRANSACTION |
| control field |
20170121103845.0 |
| 008 - FIXED-LENGTH DATA ELEMENTS--GENERAL INFORMATION |
| fixed length control field |
010131s2001 vaua b 001 0 eng |
| 010 ## - LIBRARY OF CONGRESS CONTROL NUMBER |
| LC control number |
2001000694 |
| 020 ## - INTERNATIONAL STANDARD BOOK NUMBER |
| International Standard Book Number |
0871205092 (pbk. : alk. paper) |
| 050 00 - LIBRARY OF CONGRESS CALL NUMBER |
| Classification number |
LB3060.83 .C37 2001 |
| 100 1# - MAIN ENTRY--PERSONAL NAME |
| Personal name |
Carr, Judy F. |
| 245 10 - TITLE STATEMENT |
| Title |
Succeeding with standards : |
| Remainder of title |
linking curriculum, assessment, and action planning / |
| Statement of responsibility, etc. |
Judy F. Carr and Douglas E. Harris. |
| 260 ## - PUBLICATION, DISTRIBUTION, ETC. (IMPRINT) |
| Place of publication, distribution, etc. |
Alexandria, Va. : |
| Name of publisher, distributor, etc. |
Association for Supervision and Curriculum Development, |
| Date of publication, distribution, etc. |
c2001. |
| 300 ## - PHYSICAL DESCRIPTION |
| Extent |
204 p. : |
| Other physical details |
ill. ; |
| Dimensions |
23 cm. |
| 504 ## - BIBLIOGRAPHY, ETC. NOTE |
| Bibliography, etc |
Includes bibliographical references (p. 190-193) and index. |
| 505 0# - FORMATTED CONTENTS NOTE |
| Formatted contents note |
Overview of standards linking curriculum, assessment, and action planning -- The curriculum and assessment plan -- Defining effective practices for attainment of standards -- The comprehensive assessment system -- Action planning -- Reporting in relation to standards -- Professional development, supervision, and evaluation -- Getting started. |
| 650 #0 - SUBJECT ADDED ENTRY--TOPICAL TERM |
| Topical term or geographic name as entry element |
Education |
| General subdivision |
Standards |
| Geographic subdivision |
United States. |
| 650 #0 - SUBJECT ADDED ENTRY--TOPICAL TERM |
| Topical term or geographic name as entry element |
Curriculum planning |
| Geographic subdivision |
United States. |
| 650 #0 - SUBJECT ADDED ENTRY--TOPICAL TERM |
| Topical term or geographic name as entry element |
Educational tests and measurements |
| Geographic subdivision |
United States. |
| 700 1# - ADDED ENTRY--PERSONAL NAME |
| Personal name |
Harris, Douglas E. |
| 942 ## - ADDED ENTRY ELEMENTS (KOHA) |
| Source of classification or shelving scheme |
|
| Koha item type |
Hard Covered Materials |